000
00310nam a2200133Ia 4500
005
20260326235456.0
008
260326s9999||||xx |||||||||||||| ||und||
100
_a
Rivalta, Luca
245
0
_a
Eric Owen Moss /
_c
Luca Rivalta
260
_b
Edil Stampa
300
_a
175 p.
650
_a
ARQUITECTOS
942
_c
BK
999
_c
7933
_d
7933